[Event "Titled Tuesday intern op 19th Jan"]
[Site "Chess.com INT"]
[Date "2021.01.19"]
[Round "5"]
[White "Suleymanli, Aydin Elshan"]
[Black "Sulashvili, Malkhaz"]
[Result "1-0"]
[WhiteElo "2512"]
[BlackElo "2381"]
[PlyCount "117"]
[EventDate "2021.01.19"]
[EventType "swiss (blitz)"]
[EventRounds "11"]
[EventCountry "USA"]
[SourceTitle "CBM 200 Extra"]
[Source "ChessBase"]
[SourceDate "2021.03.31"]
[SourceVersion "1"]
[SourceVersionDate "2021.03.31"]
[SourceQuality "1"]

1. d4 d5 2. c4 e6 3. Nc3 c6 4. e3 f5 5. Qc2 Nf6 6. Nf3 Bd6 7. Bd3 0-0 8. cxd5 cxd5 9. 0-0 a6 10. Ne2 Nc6 11. a3 Bd7 12. Nf4 Rc8 13. Qd1 Ne4 14. h4 Qe7 15. Be2 g5 16. hxg5 Nxg5 17. Nxg5 Qxg5 18. g3 Kh8 19. Kg2 Ne7 20. Rh1 Ng6 21. Nd3 Qf6 22. f4 Bb5 23. Bd2 Rg8 24. Rh3 Rc7 25. Qh1 Rgg7 26. Rc1 Rxc1 27. Qxc1 Rc7 28. Qd1 Qg7 29. a4 Bxd3 30. Bxd3 Rc8 31. Qh5 Kg8 32. g4 fxg4 33. Rg3 Kh8 34. Rxg4 Rg8 35. Rxg6 Qf7 36. Rxg8+ Qxg8+ 37. Kf2 Be7 38. Qe5+ Qg7 39. Qxg7+ Kxg7 40. f5 h5 41. fxe6 Kf6 42. Be2 h4 43. Bg4 Kg5 44. Bh3 Kf6 45. Kf3 Bd6 46. e4 dxe4+ 47. Kxe4 Bg3 48. d5 b5 49. Bc3+ Ke7 50. Bb4+ Kf6 51. e7 Kf7 52. Be6+ Ke8 53. d6 Bxd6 54. Bxd6 b4 55. Kd5 h3 56. Kc6 h2 57. Bd7+ Kf7 58. e8Q+ Kf6 59. Be5+ 1-0

[Event "Titled Tuesday intern op 12th Jan"]
[Site "Chess.com INT"]
[Date "2021.01.12"]
[Round "2"]
[White "Rusan, Paul Cristian"]
[Black "Sulashvili, Malkhaz"]
[Result "1-0"]
[WhiteElo "2106"]
[BlackElo "2381"]
[PlyCount "31"]
[EventDate "2021.01.12"]
[EventType "swiss (blitz)"]
[EventRounds "11"]
[EventCountry "USA"]
[SourceTitle "CBM 200 Extra"]
[Source "ChessBase"]
[SourceDate "2021.03.31"]
[SourceVersion "1"]
[SourceVersionDate "2021.03.31"]
[SourceQuality "1"]

1. e4 c6 2. d4 d5 3. f3 e5 4. exd5 exd4 5. Qxd4 Qxd5 6. Qxd5 cxd5 7. Nc3 Be6 8. Bf4 a6 9. 0-0-0 Nf6 10. g4 h6 11. h4 Bb4 12. Nge2 Nc6 13. Bh3 Rc8 14. g5 hxg5 15. Bxe6 gxf4 16. Bxc8 1-0

[Event "EU-ch qual Online"]
[Site "Tornelo INT"]
[Date "2020.12.18"]
[Round "1"]
[White "Svane, Rasmus"]
[Black "Sulashvili, Malkhaz"]
[Result "1/2-1/2"]
[WhiteElo "2613"]
[BlackElo "2381"]
[PlyCount "125"]
[EventDate "2020.12.18"]
[EventType "swiss"]
[EventRounds "11"]
[EventCountry "POL"]
[SourceTitle "CBM 199 Extra"]
[Source "ChessBase"]
[SourceDate "2021.01.31"]
[SourceVersion "1"]
[SourceVersionDate "2021.01.31"]
[SourceQuality "1"]

1. Nf3 d5 2. g3 c6 3. Bg2 Nf6 4. 0-0 g6 5. c4 Bg7 6. d4 0-0 7. Qb3 dxc4 8. Qxc4 Bf5 9. Nc3 Nbd7 10. Re1 Ne4 11. Qb3 Qb6 12. Nh4 Qxb3 13. axb3 Nxc3 14. bxc3 Bc2 15. b4 a6 16. f4 Nb6 17. Nf3 Be4 18. Ne5 Bxg2 19. Kxg2 Bxe5 20. fxe5 Nc4 21. Bh6 Rfe8 22. e4 f6 23. exf6 exf6 24. Re2 Re7 25. Rf1 f5 26. e5 a5 27. Bg5 Ree8 28. bxa5 Rxa5 29. Rb1 b5 30. e6 Kg7 31. h4 h6 32. Bf4 Kf6 33. Bxh6 Rxe6 34. Bg5+ Kf7 35. Rxe6 Kxe6 36. Re1+ Kd5 37. Be7 Ra2+ 38. Kh3 Rf2 39. Bb4 f4 40. gxf4 Rxf4 41. Rg1 Rf6 42. Rg5+ Ke4 43. Rg4+ Ke3 44. Rg5 Nd2 45. d5 cxd5 46. Rxd5 Ne4 47. Rxb5 Rf3+ 48. Kg2 Rg3+ 49. Kh2 Rg4 50. Re5 Kf3 51. Bc5 Rxh4+ 52. Kg1 Rg4+ 53. Kh2 Rg2+ 54. Kh3 Rg3+ 55. Kh2 Rg2+ 56. Kh3 Rg3+ 57. Kh2 Rg4 58. Bd4 Rh4+ 59. Kg1 Rg4+ 60. Kf1 Rh4 61. Kg1 Rg4+ 62. Kf1 Rh4 63. Kg1 1/2-1/2

[Event "Gaprindashvili Cup op 2nd"]
[Site "Tornelo INT"]
[Date "2020.11.09"]
[Round "6"]
[White "Endeladze, Ramaz"]
[Black "Sulashvili, Malkhaz"]
[Result "1-0"]
[WhiteElo "1894"]
[BlackElo "2381"]
[PlyCount "121"]
[EventDate "2020.11.08"]
[EventType "swiss (rapid)"]
[EventRounds "9"]
[EventCountry "GEO"]
[SourceTitle "CBM 199 Extra"]
[Source "ChessBase"]
[SourceDate "2021.01.31"]
[SourceVersion "1"]
[SourceVersionDate "2021.01.31"]
[SourceQuality "1"]

1. d4 d5 2. Nf3 e6 3. c4 c6 4. Nc3 dxc4 5. a4 Bb4 6. e4 b5 7. Be2 Bb7 8. 0-0 a6 9. Bg5 Be7 10. Bf4 Nf6 11. Qc2 0-0 12. Rfd1 Nbd7 13. h3 h6 14. g4 Re8 15. Kh2 Nf8 16. Rg1 Ng6 17. Bg3 b4 18. e5 bxc3 19. exf6 Bxf6 20. bxc3 c5 21. dxc5 Qd5 22. Rab1 Bc6 23. Bd6 Nh4 24. Nxh4 Bxh4 25. Rbd1 Qe4 26. Qxe4 Bxe4 27. f4 Bf6 28. Bxc4 Bxc3 29. Rg3 Bb4 30. g5 hxg5 31. Rxg5 Bc3 32. Rg3 Bf6 33. Re1 Bc6 34. Reg1 Bxa4 35. h4 Bc6 36. h5 Bd5 37. Bd3 e5 38. fxe5 Bxe5 39. Bxe5 Rxe5 40. Rxg7+ Kf8 41. R7g5 Rxg5 42. Rxg5 Be6 43. h6 Ke7 44. h7 f5 45. Bxf5 Bxf5 46. Rg8 Bxh7 47. Rxa8 Bd3 48. Ra7+ Ke6 49. c6 Bb5 50. c7 Kd7 51. Kg3 Bf1 52. Kf2 Bh3 53. Kg3 Bf1 54. Rb7 Bb5 55. Kf4 Bc6 56. Ra7 a5 57. Ke5 a4 58. Kd4 a3 59. Kc5 a2 60. c8Q+ Kxc8 61. Kxc6 1-0

[Event "Gaprindashvili Cup op 2nd"]
[Site "Tornelo INT"]
[Date "2020.11.09"]
[Round "5"]
[White "Sulashvili, Malkhaz"]
[Black "Quparadze, Giga"]
[Result "0-1"]
[WhiteElo "2381"]
[BlackElo "2463"]
[PlyCount "122"]
[EventDate "2020.11.08"]
[EventType "swiss (rapid)"]
[EventRounds "9"]
[EventCountry "GEO"]
[SourceTitle "CBM 199 Extra"]
[Source "ChessBase"]
[SourceDate "2021.01.31"]
[SourceVersion "1"]
[SourceVersionDate "2021.01.31"]
[SourceQuality "1"]

1. Nf3 Nf6 2. c4 e6 3. g3 d5 4. b3 g6 5. Bb2 Bg7 6. Bg2 0-0 7. 0-0 b6 8. cxd5 exd5 9. d4 Bb7 10. Nc3 Re8 11. Rc1 c6 12. Ne5 Nbd7 13. Nxd7 Qxd7 14. Re1 h5 15. b4 h4 16. a4 hxg3 17. hxg3 Qf5 18. e3 Ng4 19. Bf3 Nf6 20. Kg2 a5 21. bxa5 Rxa5 22. Qb3 Bc8 23. Rh1 Ra7 24. Qc2 Qxc2 25. Rxc2 Bf5 26. Rd2 g5 27. Rc1 g4 28. Be2 Bf8 29. Bd3 Bxd3 30. Rxd3 Re6 31. Rb1 Bb4 32. Bc1 Bxc3 33. Rxc3 Ne4 34. Rc2 Ra6 35. Bd2 Kg7 36. Be1 Ng5 37. Ra2 Nf3 38. Bb4 Re8 39. a5 Rea8 40. Rba1 Kg6 41. Kf1 bxa5 42. Rxa5 Rxa5 43. Bxa5 Kf5 44. Bc3 Rb8 45. Ke2 Rb3 46. Rc1 Ke4 47. Rc2 Rb1 48. Ba5 Ra1 49. Bb4 Ra4 50. Bd6 Rc4 51. Ra2 Rc1 52. Bb4 Ng1+ 53. Kd2 Rf1 54. Kc3 Nh3 55. Bd6 Nxf2 56. Bf4 Nd1+ 57. Kb4 Nxe3 58. Kc5 Rxf4 59. gxf4 g3 60. Kxc6 g2 61. Ra1 Nf1 0-1

[Event "Titled Tuesday intern op 03rd Nov"]
[Site "Chess.com INT"]
[Date "2020.11.03"]
[Round "2"]
[White "Sulashvili, Malkhaz"]
[Black "Kovalev, Vladislav"]
[Result "0-1"]
[WhiteElo "2381"]
[BlackElo "2648"]
[PlyCount "122"]
[EventDate "2020.11.03"]
[EventType "swiss (blitz)"]
[EventRounds "11"]
[EventCountry "USA"]
[SourceTitle "CBM 199 Extra"]
[Source "ChessBase"]
[SourceDate "2021.01.31"]
[SourceVersion "1"]
[SourceVersionDate "2021.01.31"]
[SourceQuality "1"]

1. d4 Nf6 2. Nf3 g6 3. c4 Bg7 4. g3 0-0 5. Bg2 d6 6. 0-0 Nc6 7. Nc3 e5 8. dxe5 Nxe5 9. Nxe5 dxe5 10. Qxd8 Rxd8 11. Bg5 Rd4 12. Nd5 Nxd5 13. cxd5 e4 14. Rad1 Bg4 15. Rxd4 Bxd4 16. Bxe4 Bxe2 17. Re1 Bg4 18. b3 Re8 19. Bd2 h5 20. Kg2 Bc5 21. Bc3 Bd6 22. h3 Bd7 23. Bf3 Rxe1 24. Bxe1 Bf5 25. b4 b5 26. Bc3 Bd3 27. a3 a6 28. Bd1 Be4+ 29. Bf3 Bd3 30. Bd1 f5 31. f4 Kf7 32. Bf3 h4 33. Bd2 hxg3 34. h4 Be7 35. Kxg3 Bf6 36. h5 Bb2 37. hxg6+ Kxg6 38. Kh4 Bxa3 39. Bh5+ Kh6 40. Bc3 Be4 41. Bf7 Bd3 42. Kg3 Bc4 43. d6 cxd6 44. Be8 d5 45. Bd7 Kg6 46. Be8+ Kh6 47. Bd7 Bd3 48. Be6 Be4 49. Bf7 d4 50. Bxd4 Bxb4 51. Bf6 Be1+ 52. Kh3 a5 53. Bd8 a4 54. Be8 Bd3 55. Bf6 a3 56. Kg2 b4 57. Bf7 Bc2 58. Kf1 Bc3 59. Be7 Bb1 60. Be8 Kg7 61. Bg5 a2 0-1

[Event "Titled Tuesday intern op 01st Sept"]
[Site "Chess.com INT"]
[Date "2020.09.01"]
[Round "7"]
[White "Caspi, Israel"]
[Black "Sulashvili, Malkhaz"]
[Result "0-1"]
[WhiteElo "2489"]
[BlackElo "2381"]
[PlyCount "106"]
[EventDate "2020.09.01"]
[EventType "swiss (blitz)"]
[EventRounds "10"]
[EventCountry "USA"]
[SourceTitle "CBM 198 Extra"]
[Source "ChessBase"]
[SourceDate "2020.11.30"]
[SourceVersion "1"]
[SourceVersionDate "2020.11.30"]
[SourceQuality "1"]

1. e4 c6 2. d4 d5 3. e5 Bf5 4. Nd2 e6 5. Nb3 Nd7 6. Nf3 Bg6 7. Be2 Ne7 8. 0-0 Nf5 9. Bd2 Be7 10. g4 Nh4 11. Nxh4 Bxh4 12. f4 Be4 13. Bf3 Bxf3 14. Qxf3 Be7 15. f5 0-0 16. Rae1 Bg5 17. Bb4 Be7 18. Bxe7 Qxe7 19. f6 gxf6 20. exf6 Qd6 21. g5 Kh8 22. Qh5 Rg8 23. Rf3 Rg6 24. Rg3 h6 25. Ree3 Rag8 26. Kf2 Qf4+ 27. Ref3 Qe4 28. Rh3 Re8 29. Qxh6+ Rxh6 30. Rxh6+ Kg8 31. Rfh3 Qxc2+ 32. Ke3 Qe4+ 33. Kd2 Qg2+ 34. Kc3 Qxh3+ 35. Rxh3 e5 36. Rg3 b6 37. h4 c5 38. dxe5 d4+ 39. Kc4 Nxe5+ 40. Kd5 Ng6 41. Rg4 Rd8+ 42. Ke4 d3 43. Nd2 b5 44. h5 Rd4+ 45. Kf5 Nh4+ 46. Rxh4 Rxh4 47. h6 Rh2 48. Nf3 Rf2 49. Ke4 d2 50. Nxd2 Rxd2 51. Kf5 Rxb2 52. g6 Rf2+ 53. Ke5 fxg6 0-1

[Event "Titled Tuesday intern op 16th June"]
[Site "Chess.com INT"]
[Date "2020.06.16"]
[Round "3"]
[White "Sulashvili, Malkhaz"]
[Black "Mahitosh, Dey"]
[Result "0-1"]
[WhiteElo "2381"]
[BlackElo "2254"]
[PlyCount "116"]
[EventDate "2020.06.16"]
[EventType "swiss (blitz)"]
[EventRounds "10"]
[EventCountry "USA"]
[SourceTitle "EXT 2021"]
[Source "ChessBase"]
[SourceDate "2020.10.23"]
[SourceVersion "1"]
[SourceVersionDate "2020.10.23"]
[SourceQuality "1"]

1. d4 Nf6 2. Nf3 g6 3. c4 Bg7 4. g3 d6 5. Bg2 0-0 6. 0-0 c6 7. Nc3 Qa5 8. d5 Qa6 9. Nd2 Nbd7 10. Qc2 Nb6 11. Qd3 cxd5 12. Nxd5 Nfxd5 13. Bxd5 Nxd5 14. Qxd5 Be6 15. Qd3 Rac8 16. Rb1 Bxc4 17. Nxc4 Qxc4 18. Qf3 Qxa2 19. Be3 Qb3 20. Bxa7 Qxf3 21. exf3 Rc2 22. b4 Ra8 23. Be3 d5 24. Rfd1 Rd8 25. Bc5 e6 26. f4 h5 27. h4 Ra8 28. Rf1 Raa2 29. Bd6 Bd4 30. Bc5 Bf6 31. Bd6 b6 32. Be5 Bxe5 33. fxe5 Rab2 34. b5 Re2 35. Rxb2 Rxb2 36. Rc1 Rxb5 37. Kg2 Rc5 38. Ra1 d4 39. Ra4 Rd5 40. f4 d3 41. Ra1 d2 42. Rd1 Kf8 43. Kf2 Ke7 44. Ke3 Kd7 45. Ke2 b5 46. Rb1 d1Q+ 47. Rxd1 Rxd1 48. Kxd1 Kc6 49. Kc2 Kd5 50. Kd3 b4 51. Kd2 Kc4 52. Kc2 b3+ 53. Kb2 Kb4 54. g4 hxg4 55. f5 g3 56. h5 g2 57. h6 g1Q 58. h7 Qf2+ 0-1

[Event "Titled Tuesday intern op 5th May"]
[Site "Chess.com INT"]
[Date "2020.05.05"]
[Round "1"]
[White "Belenkaya, Dina"]
[Black "Sulashvili, Malkhaz"]
[Result "1-0"]
[WhiteElo "2297"]
[BlackElo "2381"]
[PlyCount "165"]
[EventDate "2020.05.05"]
[EventType "swiss (blitz)"]
[EventRounds "10"]
[EventCountry "USA"]
[SourceTitle "EXT 2021"]
[Source "ChessBase"]
[SourceDate "2020.10.23"]
[SourceVersion "1"]
[SourceVersionDate "2020.10.23"]
[SourceQuality "1"]

1. e4 c6 2. d4 d5 3. Nc3 dxe4 4. Nxe4 Bf5 5. Ng3 Bg6 6. h4 h6 7. Nf3 Nd7 8. h5 Bh7 9. Bd3 Bxd3 10. Qxd3 e6 11. Bd2 Qc7 12. 0-0-0 0-0-0 13. Ne4 Ngf6 14. c4 Nc5 15. Nxc5 Bxc5 16. Bc3 Bd6 17. Kb1 c5 18. Qe2 cxd4 19. Nxd4 a6 20. Rc1 Qc5 21. Rc2 Bc7 22. Nb3 Qf5 23. f3 Qd3 24. Qf2 Kb8 25. Nc5 Qf5 26. g4 Nxg4 27. fxg4 Qxg4 28. Qe2 Qg5 29. Ne4 Qf5 30. Rf1 Qh3 31. Bxg7 Rhg8 32. Bxh6 Rd4 33. Nf6 Rgd8 34. Be3 Rh4 35. h6 Be5 36. Bg5 Bxf6 37. Bxf6 Rhd4 38. Bxd8 Rxd8 39. Qe5+ Ka7 40. Qf6 Rd3 41. Qf2+ Ka8 42. Qxf7 Qxh6 43. Qf8+ Qxf8 44. Rxf8+ Ka7 45. b3 Rd1+ 46. Kb2 Rd6 47. Re8 Rc6 48. Re2 Rc7 49. R8xe6 Rd7 50. Kc3 Rd1 51. Re7 Rc1+ 52. Kb2 Rd1 53. Rf7 Rd6 54. Ree7 Kb6 55. Rxb7+ Kc5 56. Rfc7+ Kd4 57. Kc2 Rh6 58. Rd7+ Kc5 59. Rbc7+ Kb4 60. Ra7 a5 61. Rab7+ Ka3 62. Rb5 a4 63. Ra5 Rh2+ 64. Kd3 Kxa2 65. Rxa4+ Kxb3 66. Raa7 Rh3+ 67. Kd4 Rh1 68. Rdb7+ Kc2 69. c5 Rh4+ 70. Kd5 Rh6 71. c6 Rh5+ 72. Kd6 Rh8 73. c7 Rh7 74. Rb8 Rh6+ 75. Kc5 Kd3 76. Kb5 Rh5+ 77. Kb4 Rh6 78. Kb3 Rb6+ 79. Rxb6 Kd2 80. c8Q Ke1 81. Rd7 Kf2 82. Re6 Kg1 83. Rf7 1-0

[Event "Titled Tuesday intern op 28th Apr"]
[Site "Chess.com INT"]
[Date "2020.04.28"]
[Round "3"]
[White "Sulashvili, Malkhaz"]
[Black "Titichoca Daza, Daniel Henry"]
[Result "1/2-1/2"]
[WhiteElo "2381"]
[BlackElo "2090"]
[PlyCount "103"]
[EventDate "2020.04.28"]
[EventType "swiss (blitz)"]
[EventRounds "10"]
[EventCountry "USA"]
[SourceTitle "EXT 2021"]
[Source "ChessBase"]
[SourceDate "2020.10.23"]
[SourceVersion "1"]
[SourceVersionDate "2020.10.23"]
[SourceQuality "1"]

1. d4 Nf6 2. Nf3 g6 3. c4 Bg7 4. g3 0-0 5. Bg2 d6 6. 0-0 Ne4 7. Nbd2 Nxd2 8. Bxd2 Nc6 9. Bc3 e5 10. dxe5 dxe5 11. e3 Be6 12. Nd2 Qc8 13. Qe2 Bh3 14. Rad1 Bxg2 15. Kxg2 Rd8 16. Nb3 b6 17. Qf3 Qe6 18. c5 a5 19. cxb6 cxb6 20. Rxd8+ Rxd8 21. Rd1 Rxd1 22. Qxd1 e4 23. Bxg7 Kxg7 24. Qc2 Nb4 25. Qc3+ Qf6 26. a3 Nd5 27. Qd4 a4 28. Qxd5 Qf3+ 29. Kg1 axb3 30. Qxb3 h5 31. Qc3+ f6 32. Qd2 h4 33. Qd7+ Kh6 34. gxh4 f5 35. Qd8 Qg4+ 36. Kf1 Qh3+ 37. Ke2 Qf3+ 38. Ke1 Qh1+ 39. Kd2 Qxh2 40. Qg5+ Kh7 41. Qf4 Qg2 42. a4 Qf1 43. h5 Qd3+ 44. Kc1 Qc4+ 45. Kb1 Qd3+ 46. Ka2 Qc4+ 47. Ka3 Qc5+ 48. Kb3 Qd5+ 49. Kc2 Qd3+ 50. Kc1 Qf1+ 51. Kc2 Qd3+ 52. Kc1 1/2-1/2

[Event "Titled Tuesday intern op 21st April"]
[Site "Chess.com INT"]
[Date "2020.04.21"]
[Round "7"]
[White "Sulashvili, Malkhaz"]
[Black "Bachmann, Axel"]
[Result "0-1"]
[WhiteElo "2381"]
[BlackElo "2599"]
[PlyCount "118"]
[EventDate "2020.04.21"]
[EventType "swiss (blitz)"]
[EventRounds "10"]
[EventCountry "USA"]
[SourceTitle "EXT 2021"]
[Source "ChessBase"]
[SourceDate "2020.10.23"]
[SourceVersion "1"]
[SourceVersionDate "2020.10.23"]
[SourceQuality "1"]

1. d4 Nf6 2. Nf3 c5 3. e3 g6 4. c4 Bg7 5. Nc3 0-0 6. Be2 cxd4 7. exd4 d5 8. 0-0 dxc4 9. Bxc4 a6 10. a4 b6 11. Bf4 Bb7 12. d5 Nbd7 13. Re1 Rc8 14. Qe2 Re8 15. Bxa6 Bxa6 16. Qxa6 Nc5 17. Qb5 Nxd5 18. Nxd5 Qxd5 19. Be5 Qb3 20. Bxg7 Qxb5 21. axb5 Kxg7 22. Red1 Red8 23. Nd4 Rxd4 24. Rxd4 Nb3 25. Rdd1 Nxa1 26. Rxa1 Rc2 27. Rb1 Rc5 28. Kf1 Rxb5 29. b4 Rd5 30. Ke2 Rd4 31. Ke3 e5 32. b5 f5 33. g3 Rd5 34. f3 Kf6 35. h4 Rc5 36. Kd3 Ke6 37. h5 g5 38. g4 e4+ 39. fxe4 fxg4 40. Kd4 h6 41. Rb3 g3 42. Rxg3 Rxb5 43. Rc3 Rb4+ 44. Ke3 Ke5 45. Rc6 Rxe4+ 46. Kf3 Rf4+ 47. Ke3 Rf6 48. Rc8 Kf5 49. Rc4 b5 50. Rc5+ Kg4 51. Rxb5 Kxh5 52. Ke4 Kh4 53. Rb1 g4 54. Rh1+ Kg5 55. Ke3 h5 56. Rb1 g3 57. Rb8 Kg4 58. Rg8+ Kh3 59. Rg6 Rxg6 0-1

[Event "Titled Tuesday intern op 21st April"]
[Site "Chess.com INT"]
[Date "2020.04.21"]
[Round "2"]
[White "Sulashvili, Malkhaz"]
[Black "Dragomirescu, Calin"]
[Result "1-0"]
[WhiteElo "2381"]
[BlackElo "2064"]
[PlyCount "135"]
[EventDate "2020.04.21"]
[EventType "swiss (blitz)"]
[EventRounds "10"]
[EventCountry "USA"]
[SourceTitle "EXT 2021"]
[Source "ChessBase"]
[SourceDate "2020.10.23"]
[SourceVersion "1"]
[SourceVersionDate "2020.10.23"]
[SourceQuality "1"]

1. d4 g6 2. Nf3 Bg7 3. c4 Nf6 4. g3 0-0 5. Bg2 d6 6. 0-0 Nbd7 7. Nc3 c6 8. e3 e5 9. b3 e4 10. Nd2 d5 11. a4 a5 12. Ba3 Re8 13. Rc1 h5 14. cxd5 cxd5 15. Nb5 Bf8 16. Bxf8 Rxf8 17. f3 exf3 18. Qxf3 Ng4 19. h3 Nh6 20. e4 dxe4 21. Nxe4 Nb6 22. Nf6+ Kg7 23. d5 Bd7 24. Nc7 Rc8 25. d6 Nf5 26. Qc3 Kh6 27. Nxd7 Qxd7 28. Rxf5 gxf5 29. Qe3+ Kh7 30. Qxb6 Rg8 31. Qf2 Qxd6 32. Qxf5+ Qg6 33. Be4 Kh6 34. Qxg6+ fxg6 35. Rc4 Rg7 36. Ne6 Rxc4 37. bxc4 Re7 38. Bd5 b6 39. h4 Kh7 40. Kf2 Kh6 41. Ke3 Rf7 42. Nf4 Re7+ 43. Be6 Rc7 44. Ke4 g5 45. hxg5+ Kxg5 46. Ke5 Rc5+ 47. Ke4 h4 48. gxh4+ Kxh4 49. Bd5 Kg4 50. Ne6 Rc8 51. Ke5 Rh8 52. Bc6 Rh2 53. Bb5 Re2+ 54. Kd6 Rd2+ 55. Kc6 Kf5 56. Nc7 Ke5 57. Nd5 Kd4 58. Kxb6 Rh2 59. Kxa5 Kc5 60. Nb4 Rh8 61. Na6+ Kd6 62. c5+ Kd5 63. c6 Kd6 64. Kb6 Rh2 65. Nc5 Rc2 66. Nb7+ Kd5 67. a5 Rb2 68. a6 1-0

[Event "Tbilisi Maia Cup rapid"]
[Site "Tbilisi"]
[Date "2019.09.06"]
[Round "9"]
[White "Quparadze, Giga"]
[Black "Sulashvili, Malkhaz"]
[Result "1-0"]
[WhiteElo "2462"]
[BlackElo "2381"]
[PlyCount "81"]
[EventDate "2019.09.05"]
[EventType "swiss (rapid)"]
[EventRounds "9"]
[EventCountry "GEO"]
[SourceTitle "EXT 2020"]
[Source "ChessBase"]
[SourceDate "2019.10.17"]
[SourceVersion "1"]
[SourceVersionDate "2019.10.17"]
[SourceQuality "1"]

1. e4 c6 2. d4 d5 3. Nc3 dxe4 4. Nxe4 Bf5 5. Ng3 Bg6 6. h4 h6 7. Nf3 Nd7 8. h5 Bh7 9. Bd3 Bxd3 10. Qxd3 e6 11. Bf4 Qa5+ 12. Bd2 Qc7 13. 0-0-0 0-0-0 14. Ne4 Ngf6 15. g3 Nxe4 16. Qxe4 Bd6 17. c4 Nf6 18. Qc2 c5 19. d5 exd5 20. cxd5 Kb8 21. Bc3 Rhe8 22. Bxf6 gxf6 23. Nh4 Re5 24. Nf5 Bf8 25. d6 Bxd6 26. Nxh6 c4 27. Nf5 c3 28. Nxd6 Rxd6 29. Rxd6 Qxd6 30. h6 Qd5 31. Qd1 cxb2+ 32. Kxb2 Qb5+ 33. Ka1 Rd5 34. Qc1 Rd8 35. Qf4+ Qe5+ 36. Qxe5+ fxe5 37. Rh5 f6 38. Rf5 Rf8 39. g4 Kc7 40. g5 Rg8 41. h7 1-0

[Event "European Corporate 2nd"]
[Site "Minsk"]
[Date "2019.08.31"]
[Round "8.2"]
[White "Sulashvili, Malkhaz"]
[Black "Zarubitski, Viachaslau"]
[Result "1/2-1/2"]
[WhiteElo "2381"]
[BlackElo "2426"]
[PlyCount "145"]
[EventDate "2019.08.30"]
[EventType "team-swiss"]
[EventRounds "9"]
[EventCountry "BLR"]
[SourceTitle "EXT 2020"]
[Source "ChessBase"]
[SourceDate "2019.10.17"]
[SourceVersion "1"]
[SourceVersionDate "2019.10.17"]
[SourceQuality "1"]
[WhiteTeam "Khareba"]
[BlackTeam "BAM"]
[WhiteTeamCountry "GEO"]
[BlackTeamCountry "BLR"]

1. d4 d5 2. Nf3 Nf6 3. c4 c6 4. e3 Bf5 5. Bd3 Bxd3 6. Qxd3 e6 7. 0-0 Nbd7 8. b3 Be7 9. Bb2 Ne4 10. Nfd2 Nxd2 11. Nxd2 0-0 12. f4 f5 13. c5 Nf6 14. b4 Ne4 15. Nxe4 dxe4 16. Qc4 Qd5 17. Qxd5 exd5 18. a4 a6 19. Bc3 Kf7 20. Rf2 Ke6 21. Be1 g5 22. fxg5 Bxg5 23. Bd2 h5 24. Raf1 h4 25. g4 hxg3 26. hxg3 Rf6 27. Rh2 Raf8 28. Kf2 Rg6 29. Rfh1 Rfg8 30. Rh7 Be7 31. R1h3 Kf6 32. Be1 R6g7 33. R7h6+ Rg6 34. Rh7 R6g7 35. R7h6+ Kf7 36. Ke2 Bd8 37. b5 axb5 38. axb5 cxb5 39. Rd6 Bc7 40. Rdh6 Rg6 41. Rh7+ R6g7 42. R7h6 Rg6 43. Rh7+ R8g7 44. Rh8 Ke7 45. R3h5 Rg5 46. Rxg5 Rxg5 47. Rh7+ Kd8 48. Rf7 Kc8 49. Kd1 Bxg3 50. Bxg3 Rxg3 51. Rxf5 Rxe3 52. Rxd5 b4 53. Kc2 b3+ 54. Kb2 Rd3 55. Rd6 e3 56. Re6 Kc7 57. d5 Rxd5 58. Rxe3 Rxc5 59. Kxb3 Kb6 60. Kb2 Ka5 61. Rh3 Rg5 62. Rf3 b5 63. Rh3 Ka4 64. Rh4+ b4 65. Rh2 Rd5 66. Rg2 Rd3 67. Rh2 Rb3+ 68. Ka2 Rc3 69. Kb2 Re3 70. Rg2 Re4 71. Rh2 b3 72. Rg2 Kb4 73. Rh2 1/2-1/2

[Event "Caparica op 2nd"]
[Site "Caparica"]
[Date "2017.06.24"]
[Round "5"]
[White "Sulashvili, Malkhaz"]
[Black "Padeiro, Jose Joao Tato"]
[Result "1/2-1/2"]
[WhiteElo "2381"]
[BlackElo "2276"]
[PlyCount "127"]
[EventDate "2017.06.21"]
[EventType "swiss"]
[EventRounds "7"]
[EventCountry "POR"]
[SourceTitle "EXT 2018"]
[Source "ChessBase"]
[SourceDate "2017.10.13"]
[SourceVersion "1"]
[SourceVersionDate "2017.10.13"]
[SourceQuality "1"]

1. Nf3 d5 2. c4 c6 3. e3 Nf6 4. d4 Bg4 5. Nc3 e6 6. h3 Bh5 7. Qb3 Qb6 8. Bd2 Bxf3 9. Qxb6 axb6 10. gxf3 Nbd7 11. cxd5 exd5 12. e4 Bb4 13. e5 Nh5 14. f4 g6 15. Ne2 Bxd2+ 16. Kxd2 f5 17. Ke3 b5 18. h4 Nb6 19. Ng1 Ke7 20. Be2 Nc4+ 21. Bxc4 bxc4 22. Ne2 Ra6 23. Ng3 Nxg3 24. fxg3 h5 25. Kd2 Rha8 26. a3 Rb6 27. Kc2 Rb3 28. a4 Rxg3 29. Rhg1 Rg4 30. Kc3 b6 31. b3 cxb3 32. Kxb3 Kf7 33. Rxg4 fxg4 34. Rc1 Rc8 35. a5 bxa5 36. Ka4 Ke6 37. Kxa5 Kf5 38. Kb6 g3 39. Kb7 Re8 40. Rg1 Kxf4 41. Kxc6 g5 42. Kd7 Ra8 43. hxg5 h4 44. e6 h3 45. e7 h2 46. Ra1 Rg8 47. Rf1+ Ke4 48. g6 g2 49. Rf8 Rxf8 50. exf8Q g1Q 51. g7 h1Q 52. g8Q Qxg8 53. Qxg8 Kxd4 54. Qg4+ Qe4 55. Qg1+ Qe3 56. Qd1+ Kc4 57. Qc2+ Kd4 58. Qd1+ Kc4 59. Qc2+ Kd4 60. Qd1+ Ke5 61. Qh5+ Ke4 62. Qh1+ Kd3 63. Qb1+ Ke2 64. Qc2+ 1/2-1/2

[Event "Istanbul op-A 11th"]
[Site "Istanbul"]
[Date "2012.09.04"]
[Round "5"]
[White "Sulashvili, Malkhaz"]
[Black "Raetsky, Alexander"]
[Result "1/2-1/2"]
[WhiteElo "2415"]
[BlackElo "2445"]
[PlyCount "24"]
[EventDate "2012.08.30"]
[EventType "swiss"]
[EventRounds "9"]
[EventCountry "TUR"]
[SourceTitle "CBM 150 Extra"]
[Source "ChessBase"]
[SourceDate "2012.10.19"]
[SourceVersion "1"]
[SourceVersionDate "2012.10.19"]
[SourceQuality "1"]

1. d4 d5 2. Nf3 Nf6 3. c4 dxc4 4. e3 e6 5. Bxc4 c5 6. 0-0 Nc6 7. dxc5 Bxc5 8. Qxd8+ Kxd8 9. a3 Ke7 10. b4 Bd6 11. Bb2 a6 12. Rc1 Bd7 1/2-1/2

[Event "Fajr op 20th"]
[Site "Tabriz"]
[Date "2012.01.19"]
[Round "10"]
[White "Sulashvili, Malkhaz"]
[Black "Mojaverian, Hossein"]
[Result "1-0"]
[WhiteElo "2441"]
[BlackElo "2141"]
[PlyCount "57"]
[EventDate "2012.01.12"]
[EventType "swiss"]
[EventRounds "11"]
[EventCountry "IRI"]
[SourceTitle "CBM 146 Extra"]
[Source "ChessBase"]
[SourceDate "2012.02.29"]
[SourceVersion "1"]
[SourceVersionDate "2012.02.29"]
[SourceQuality "1"]

1. Nf3 Nf6 2. c4 e6 3. d4 Bb4+ 4. Nbd2 b6 5. a3 Bxd2+ 6. Qxd2 Bb7 7. e3 d6 8. Be2 Nbd7 9. 0-0 0-0 10. Qc2 Ne4 11. Nd2 f5 12. f3 Nxd2 13. Bxd2 Qg5 14. b4 Rf6 15. Rad1 Rh6 16. g3 Rg6 17. c5 bxc5 18. dxc5 dxc5 19. Bc1 Nf6 20. Qxc5 Nh5 21. Qe5 Re8 22. Rd4 Qh6 23. Rh4 Qg5 24. Kf2 Nf6 25. e4 Nd7 26. Qxc7 Qd8 27. Qxb7 Ne5 28. Rd1 Qf6 29. Bb2 1-0